000 00548nam a22001337a 4500
020 _a-0-590-05902-5
082 _a823
_blaw/r
100 _aLAWRENCE/JAN
245 _aTHE REVENGE OF THE SUSTITUTE
300 _aLONDON
_bSCHOLASTIC INC
_e1998
520 _aJeff, Matt, and their friends are delighted when their strict fifth-grade teacher, Mr. Manlin, is replaced by a series of gullible substitutes, until the arrival of the infamous Ms. Wilder, who soon has them yearning for the good old days of Mr. Manlin.
650 _aSHORT STORY
942 _cBK
999 _c6082
_d6082